1385 1460 1153 1981 1240 1194 1465 1768 1067 1406 1149 1810 1101 1205 1268 1788 1495 1509 1870 1677 1313 1103 1234 1639 1784 1400 1620 1150 1380 1323 1882 1301 1358 1025 1300 1337 1573 1391 1311 1108 1075 1028 1719 1416 1535 1747 1850 1794 1859 1436 1521 1772 1214 1902 1193 1620 1519 1964 1829 1337 1118 1781 1131 1176 1393 1148 1386 1009 1082 1125 1922 1544 1395 1679 1888 1587 1099 1974 1942 1221 1764 1249 1289 1750 1170 1647 1621 1533 1699 1238 1228 1592 1192 1558 1716 1469 1148 1629 1977 BCNSPRNW ULIB Ver.6.0+V

เปลี่ยนเป็นภาษาไทย

Change to English
 แสดงรายละเอียดบรรณานุกรม
  กลับหน้าหลัก

Brief Record : Get Marc (ISO 2709) : E-mail record : QR code < ปิดหน้าต่าง
LEADER : 00000nam 2200000uu 4500
001    13399122123
003     ULIB
008    121228s2543||||th 000 0 tha d
020    ^a9789744727374
090    ^aนว.^bก246ท
100    ^aจอร์น กริสแฮม
245    ^aทนายข้างถนน/^cจอร์น กริสแฮม
260    ^aกรุงเทพฯ :^bนานมีบุ๊คส์,^c2543
300    ^a448 หน้า
710    ^aวิมล กมลตระกูล แปล
945    ^p225^l0^i014085
995    ^aวิภา
999 ^a ทศพร
รายการนี้ยังไม่มีแท็ก
คุณยังไม่ได้ล็อกอิน คุณสามารถมีกิจกรรมร่วมกับเว็บไซต์ได้ แต่ต้องล็อกอินก่อน ::
  ล็อกอิน

รายการสื่อสารสนเทศ

ลำดับที่ ประเภท เลขเรียก/บาร์โค้ด สถานที่ สถานะ
1. นวนิยาย
นวนิยาย
นว. ก246ท  
  Barcode: 014085
ห้องสมุดวิทยาเขตสวรรค์ประชารักษ์
►นวนิยาย
บนชั้น
  ขอยืม

BibComment


ยังไม่เคยถูกคอมเมนท์

คอมเมนท์ทรัพยากรรายการนี้
  คอมเมนท์: ทนายข้างถนน จอร์..


 Copyright 2026. Bcnsprnw @Library